Герцог (Запис № 17756)

000 -Маркер запису
Контрольне поле сталої довжини 02300nam a22002657a 4500
003 - Належність контрольного номера
Контрольне поле Uzh_bibl
008 - Кодовані дані
Контрольне поле сталої довжини 260514b |||||||| |||| 00| 0 ukr d
020 ## - Індекс ISBN
ISBN 978-966-03-7522-2
Ціна 87.10
040 ## - Джерело каталогіз.
Код мови каталог. укр.
041 ## - Код мови видання
Код мови оригіналу англійська
Код мови тексту українська
080 ## - Індекс УДК
Індекс УДК 821(73)
090 ## - Шифри
Поличний індекс 821(73)
Авторський знак Б 43
100 ## - Автор
Автор Беллоу,Сол
245 ## - Назва
Назва Герцог
Відповідальність пер. з англ. В. Чайковського,худож.-оформлювач Л.П.Вировець
Фізичний носій Текст
260 ## - Вихідні дані
Місце видання Харків
Видавництво Фоліо
Дата видання 2016
300 ## - Фізичний опис
Обсяг 411 с.
Тип одиниці В опр.
490 ## - Серія
Назва серії Серія "Карта світу"
520 ## - Анотація
Анотація Сол Беллоу (1915, Канада — 2005, США) — американський письменник єврейського походження, син емігрантів з Росії, видатний романіст ХХ століття, лауреат Нобелівської премії з літератури 1976 року.<br/><br/>Роман «Герцоґ» вийшов друком у 1964 році, був відзначений Національною книжковою премією США, перекладений багатьма мовами світу. Це історія професора університету Мойсея Герцоґа, який після того, як від нього пішла дружина, забравши доньку, починає шукати сенс буття... Він пише листи, проте не надсилає їх. Його адресати — стародавні і середньовічні філософи, письменники (і вже померлі, і живі), політики (зокрема президент США), давні друзі й вороги, випадкові знайомі... Оригінальний спосіб віднайти себе, розмовляючи з людьми, які не можуть відповісти на твої запитання…
521 ## - Примітка про цільове призначення
Примітка про цільове призначення Для широкого кола читачів
546 ## - Примітка про мову
Примітка про мову укр.
650 ## - Тематичні рубрики
Основна рубрика Літературно-художнє видання
653 ## - Ключові слова
Ключові слова Листи
-- Пошук себе
-- Розлучення
655 ## - Термін індексування — жанр/форма
Жанр/форма Проза
Типове ділення Роман
942 ## - ADDED ENTRY ELEMENTS (KOHA)
Джерело класифікації чи схема поличного розташування
Koha item type Книги
Фонди
Статус вилучення Статус втрати/відсутності Джерело класифікації чи схема поличного розташування Статус пошкодження Тип обігу (не для випозичання) Постійне розташування Поточне розташування Розташування у відділі Дата надходження Інвентарний номер Total Checkouts Повний (примірниковий) шифр зберігання Штрих-код Date last seen Дата, для якої чинна ціна заміни Тип одиниці (рівень примірника)
          Бібліотека-філія №3 Бібліотека-філія №3 Абонемент старший відділ 14/05/2026 67492   821(73) 4228 14/05/2026 14/05/2026 Книги

Працює на АБІС Коха